
Library Catalogue

| 000 -LEADER | |
|---|---|
| fixed length control field | 00961nam a2200217Ia 4500 |
| 003 - CONTROL NUMBER IDENTIFIER | |
| control field | OSt |
| 005 - DATE AND TIME OF LATEST TRANSACTION | |
| control field | 20211206163419.0 |
| 008 - FIXED-LENGTH DATA ELEMENTS--GENERAL INFORMATION | |
| fixed length control field | 160316s2011 xxu||||| |||| 00| 0 eng d |
| 020 ## - INTERNATIONAL STANDARD BOOK NUMBER | |
| International Standard Book Number | 9780415714952 |
| 040 ## - CATALOGING SOURCE | |
| Transcribing agency | NLS |
| 082 ## - DEWEY DECIMAL CLASSIFICATION NUMBER | |
| Classification number | 301.01 STR |
| 100 ## - MAIN ENTRY--PERSONAL NAME | |
| Personal name | Strydom Piet |
| 245 ## - TITLE STATEMENT | |
| Title | Contemporary critical theory and methodology |
| 260 ## - PUBLICATION, DISTRIBUTION, ETC. | |
| Place of publication, distribution, etc. | London |
| Name of publisher, distributor, etc. | Routledge |
| Date of publication, distribution, etc. | 2011 |
| 300 ## - PHYSICAL DESCRIPTION | |
| Extent | 255p |
| Dimensions | xi |
| 365 ## - TRADE PRICE | |
| Price amount | Rs. 1,623 |
| 505 ## - FORMATTED CONTENTS NOTE | |
| Formatted contents note | Table of Contents:<br/>Part I: Metatheoretical foundations;<br/><br/>1. Classical Foundations; <br/>2. Appropriation of the Classical Foundations;<br/>3. Contemporary Critical Theory and Pragmatism; <br/>4. Immanent Transcendence as Key Concept;<br/><br/>Part II: Methodology;<br/>5. Contemporary Critical Theorists on Methodology;<br/>6. The Methodological Framework of Critical Theory;<br/>7. Varieties of Critique: Critical Theory Compared;<br/>8. Methodology in Action. |
| 650 ## - SUBJECT ADDED ENTRY--TOPICAL TERM | |
| Topical term or geographic name entry element | 1. Critical Theory - Methodology |
| 700 ## - ADDED ENTRY--PERSONAL NAME | |
| Personal name | |
| -- | |
| 942 ## - ADDED ENTRY ELEMENTS (KOHA) | |
| Source of classification or shelving scheme | Dewey Decimal Classification |
| Koha item type | BOOKs |
| Withdrawn status | Lost status | Damaged status | Not for loan | Home library | Current library | Shelving location | Date acquired | Cost, normal purchase price | Total Checkouts | Full call number | Barcode | Date last seen | Price effective from | Koha item type |
|---|---|---|---|---|---|---|---|---|---|---|---|---|---|---|
| . | . | Library Compactors | 30.05.2017 | 1623.00 | 301.01 STR | 26960 | 30.05.2017 | 30.05.2017 | BOOKs |